000
00294nam a2200109Ia 4500
008
200302s9999 xx 000 0 und d
100
_a
Architektur Niederosterreich
245
_a
Orte --Architectue In Lower Austria 1986-1997
260
_b
Birkhauser Publishing
260
_c
1997
300
_a
245 P
999
_c
4792
_d
4792